| 000 | 00373nam a2200145 4500 | ||
|---|---|---|---|
| 999 |
_c9528 _d9528 |
||
| 003 | OSt | ||
| 005 | 20210701165745.0 | ||
| 008 | 210701b ||||| |||| 00| 0 eng d | ||
| 020 | _a9781568987828 | ||
| 082 |
_a720.973 _bLEV |
||
| 100 | _a Leven, David, | ||
| 245 | _aLeven Betts : pattern recognition | ||
| 260 |
_aNew York _bPrinceton Architectural press _c2009 |
||
| 942 | _2ddc | ||